LEADER 01252nam0 2200289 450 001 000044858 005 20180712131207.0 010 $a88-87687-29-3 100 $a20180712d2002----km-y0itaa50------ba 101 0 $aeng 102 $aIT 200 1 $aElastin 2002$eproceedings of the second european symposium Acuafredda di Maratea (Italy), Juli 10-14, 2002$fedited A. M. Tamburro, A. Pepe 210 $aPotenza$cErmes$d2002 215 $a267 p.$cill.$d24 cm. 606 1 $aElastina$xCongressi 676 $a611.0182$v(22. ed.)$9Citologia e istologia. Tessuto connettivo 702 1$aTamburro,$bAntonio Mario 702 1$aPepe,$bA. 710 12$aEuropean symposium on elastin$f<2002$e; Acquafredda di Maratea>$0758831 801 0$aIT$bUniversità della Basilicata - B.I.A.$gREICAT$2unimarc 912 $a000044858 996 $aElastin 2002$91533049 997 $aUNIBAS CAT $aTTM$b30$c20180712$lBAS01$h1312 FMT Z30 -1$lBAS01$LBAS01$mBOOK$1BASA2$APolo Tecnico-Scientifico$2GEN$BCollezione generale$3PTS.d1.CGT.116075$6116075$5T116075$820180712$f02$FPrestabile Generale Z30 -1$lBAS01$LBAS01$mBOOK$1BASA2$APolo Tecnico-Scientifico$2GEN$BCollezione generale$3PTS.d1.CGT.116076$6116076$5T116076$820180712$f02$FPrestabile Generale LEADER 02316nam 2200553 a 450 001 9910453939103321 005 20200520144314.0 010 $a90-485-1723-0 035 $a(CKB)2550000001046754 035 $a(EBL)1773727 035 $a(SSID)ssj0001178822 035 $a(PQKBManifestationID)11665651 035 $a(PQKBTitleCode)TC0001178822 035 $a(PQKBWorkID)11169795 035 $a(PQKB)10057831 035 $a(MiAaPQ)EBC1773727 035 $a(Au-PeEL)EBL1773727 035 $a(CaPaEBR)ebr10661273 035 $a(CaONFJC)MIL552046 035 $a(OCoLC)834603493 035 $a(EXLCZ)992550000001046754 100 $a20130306d2013 uy 0 101 0 $aeng 135 $aur|n|---||||| 181 $ctxt 182 $cc 183 $acr 200 10$aLebanese Salafis between the Gulf and Europe$b[electronic resource] $edevelopment, fractionalization and transnational networks of Salafism in Lebanon /$fZoltan Pall 210 $aAmsterdam $cAmsterdam University Press$dc2013 215 $a1 online resource (117 p.) 225 0 $aForum publications 300 $aDescription based upon print version of record. 311 $a90-8964-451-2 320 $aIncludes bibliographical references and index. 330 $aSalafism is one of the most dynamic and rapidly growing Islamic movements and it is impossible to understand contemporary Islam without taking account of it. The movement has reached almost every corner of the Muslim world, and its transnational networks span the globe. Despite the importance of Salafism, scholars have only recently begun to pay serious attention to the movement, and while the body of literature on Salafism is growing, there are still many lacunae. The Lebanese context adopted by the author of this important study provides an excellent opportunity to explore the dynamics of th 410 0$aAmsterdam University Press - Forum Publications 606 $aSalafi?yah$zLebanon 606 $aLebanese 608 $aElectronic books. 615 0$aSalafi?yah 615 0$aLebanese. 700 $aPall$b Zoltan$0985657 801 0$bMiAaPQ 801 1$bMiAaPQ 801 2$bMiAaPQ 906 $aBOOK 912 $a9910453939103321 996 $aLebanese Salafis between the Gulf and Europe$92252974 997 $aUNINA